Comparative and international education : (Record no. 1261)

000 -LEADER
fixed length control field 01218cam a2200349 a 4500
001 - CONTROL NUMBER
control field 15380265
003 - CONTROL NUMBER IDENTIFIER
control field OSt
005 - DATE AND TIME OF LATEST TRANSACTION
control field 20140116120849.0
008 - FIXED-LENGTH DATA ELEMENTS--GENERAL INFORMATION
fixed length control field 080724s2007 enka b 001 0 eng d
010 ## - LIBRARY OF CONGRESS CONTROL NUMBER
LC control number 2008274932
015 ## - NATIONAL BIBLIOGRAPHY NUMBER
National bibliography number GBA823222
Source bnb
016 7# - NATIONAL BIBLIOGRAPHIC AGENCY CONTROL NUMBER
Record control number 014531448
Source Uk
020 ## - INTERNATIONAL STANDARD BOOK NUMBER
International Standard Book Number 9781847060594 (pbk.)
020 ## - INTERNATIONAL STANDARD BOOK NUMBER
International Standard Book Number 9781847060594
035 ## - SYSTEM CONTROL NUMBER
System control number (OCoLC)ocn212431910
040 ## - CATALOGING SOURCE
Original cataloging agency UKM
Transcribing agency UKM
Modifying agency BAKER
-- YDXCP
-- BTCTA
-- DLC
042 ## - AUTHENTICATION CODE
Authentication code lccopycat
050 00 - LIBRARY OF CONGRESS CALL NUMBER
Classification number LB43.P54 2008
082 04 - DEWEY DECIMAL CLASSIFICATION NUMBER
Classification number 370.9
Edition number 22
100 1# - MAIN ENTRY--PERSONAL NAME
Personal name Phillips, David,
Dates associated with a name 1944 December 15-
245 10 - TITLE STATEMENT
Title Comparative and international education :
Remainder of title an introduction to theory, method and practice /
Statement of responsibility, etc David Phillips and Michele Schweisfurth.
260 ## - PUBLICATION, DISTRIBUTION, ETC. (IMPRINT)
Place of publication, distribution, etc London ;
-- New York :
Name of publisher, distributor, etc Continuum,
Date of publication, distribution, etc c2007.
300 ## - PHYSICAL DESCRIPTION
Extent 181 p. :
Other physical details ill. ;
Dimensions 24 cm.
504 ## - BIBLIOGRAPHY, ETC. NOTE
Bibliography, etc Includes bibliographical references (p. 158-175) and index.
650 #0 - SUBJECT ADDED ENTRY--TOPICAL TERM
Topical term or geographic name as entry element Comparative education.
650 #0 - SUBJECT ADDED ENTRY--TOPICAL TERM
Topical term or geographic name as entry element International education.
650 #0 - SUBJECT ADDED ENTRY--TOPICAL TERM
Topical term or geographic name as entry element Education
Form subdivision Cross-cultural studies.
700 1# - ADDED ENTRY--PERSONAL NAME
Personal name Schweisfurth, Michele,
Dates associated with a name 1962-
906 ## - LOCAL DATA ELEMENT F, LDF (RLIN)
a 7
b cbc
c copycat
d 2
e ncip
f 20
g y-gencatlg
942 ## - ADDED ENTRY ELEMENTS (KOHA)
Source of classification or shelving scheme
Koha item type Book
Holdings
Withdrawn status Lost status Source of classification or shelving scheme Damaged status Not for loan Home library Current library Shelving location Date acquired Total Checkouts Full call number Barcode Date last seen Copy number Price effective from Koha item type
          Riara University Library Riara University Library General stack 15/01/2014   LB 43.P54 2008 4452/14 16/01/2014 C.1 15/01/2014 Book
          Riara University Library Riara University Library General stack 15/01/2014   LB 43.P54 2008 4451/14 15/01/2014 C.2 15/01/2014 Book
          Riara University Library Riara University Library General stack 15/01/2014   LB 43.P54 2008 4453/14 31/01/2014 C.3 15/01/2014 Book

Riara University Library,
P.O. Box 49940-00100,
Nairobi, Kenya.